[Event "Asian Junior-ch 2017-Open"]
[Site "Shiraz"]
[Date "2017.05.03"]
[Round "1.1"]
[White "Tran, Tuan Minh"]
[Black "Moghadam, Alireza"]
[Result "1/2-1/2"]
[WhiteElo "2537"]
[BlackElo "1995"]
[Annotator "TA"]
[PlyCount "61"]
[EventDate "2017.??.??"]
[EventType "swiss"]
[EventCountry "IRI"]
[SourceTitle "playchess.com"]
[Source "ChessBase"]
[SourceQuality "1"]

{[%evp 26,61,27,18,38,27,48,35,35,17,17,17,25,14,22,33,14,18,18,18,26,0,0,-45,-46,-83,0,0,0,0,0,-33,0,0,0,-35,0,0]} 1. d4 Nf6 2. c4 c5 3. d5 e6 4. Nc3 exd5 5. cxd5 d6 6. Nf3 {[%cal Bg1f3,Bf3d2,Bd2c4,Bc4e3][%mdl 32]} g6 7. e4 Bg7 8. Be2 O-O 9. O-O Bg4 10. Nd2 Bxe2 11. Qxe2 a6 12. a4 {[%cal Ba2a4,Ba4a5][%mdl 32]} Nbd7 13. Nc4 Nb6 14. Ne3 Re8 {A75: Modern Benoni: Classical: 9...a6 10 a4 Bg4} 15. a5 Nbd7 16. Nc4 Qe7 {[%cal Rf6e4] White is slightly better.} 17. Re1 {And now Bf4 would win.} Ne5 18. Nb6 Rad8 19. Bg5 {f4 is the strong threat.} h6 20. Bh4 {Threatens to win with f4.} g5 21. Bg3 Nfd7 22. Bxe5 $146 ({Predecessor:} 22. Nxd7 Rxd7 {1-0 (43) Karasev,V (2378)-Peleikis,H (2101) Dresden 2007}) 22... Nxe5 23. Ra4 Ng6 24. g3 Bd4 25. Kg2 {[#]} Kg7 (25... f5 $1 $17 {[%mdl 512]}) 26. Nc4 $11 Qd7 27. Nb6 Qe7 28. Nc4 Qd7 29. Nb6 Qe7 30. Nc4 Qd7 31. Nb6 {Precision: White = 86%, Black = 64%.} 1/2-1/2

[Event "Asian Junior-ch 2017-Open"]
[Site "Shiraz"]
[Date "2017.05.03"]
[Round "1.2"]
[White "Baneshi, Mahan"]
[Black "Firouzja, Alireza"]
[Result "0-1"]
[WhiteElo "1971"]
[BlackElo "2487"]
[Annotator "TA"]
[PlyCount "100"]
[EventDate "2017.??.??"]
[EventType "swiss"]
[EventCountry "IRI"]
[SourceTitle "playchess.com"]
[Source "ChessBase"]
[SourceQuality "1"]

{[%evp 5,99,11,31,15,32,27,66,7,16,0,44,39,56,44,107,96,100,46,34,0,2,16,23,-3,0,-36,22,-12,-20,0,26,9,12,18,41,29,51,45,45,38,26,8,16,0,0,0,0,-13,18,0,0,0,0,-12,0,-26,-20,-31,-33,-46,-51,-163,-151,-236,-206,-215,-191,-241,-203,-351,-332,-374,-380,-370,-365,-368,-368,-414,-329,-454,-145,-123,-104,-252,-231,-1936,-1796,-6741,-6790,-29991,-29992,-29996,-29996,-29996,-29997,-29999]} 1. d4 Nf6 2. c4 g6 3. f3 Nh5 {LiveBook: 7 Games. E60: King's Indian: Unusual lines and Fianchetto Variation without Nc3} 4. Nh3 $146 ({Predecessor (12):} 4. e4 e5 5. Be3 d6 6. Ne2 Bg7 7. g4 Nf4 8. Nxf4 exf4 9. Bxf4 Nc6 10. Be3 Qh4+ 11. Bf2 {½-½ (47) Bacrot,E (2718)-Aronian,L (2797) Beijing 2014}) 4... Bg7 5. Nc3 O-O {White has an edge.} 6. Nf2 (6. g4 $14 Nf6 7. Bg2) 6... f5 $11 7. e4 fxe4 8. Nfxe4 c6 9. Bg5 h6 (9... d5 $14 10. cxd5 cxd5) 10. Be3 $16 d5 11. cxd5 (11. Nf2 $16) 11... cxd5 $14 12. Qb3 e6 13. Nf2 $1 Nc6 14. Rd1 Kh7 15. Ng4 Qd6 (15... Qh4+ $15 16. Bf2 Qe7) 16. Be2 Nf4 17. O-O h5 (17... Nxe2+ $5 18. Nxe2 b6 $11) 18. Nf2 {[%cal Bg4f2,Bf2h3,Bh3g5][%mdl 32]} Nxe2+ 19. Nxe2 b6 20. Nh3 Ba6 21. Rfe1 Rae8 22. Ng5+ Kg8 23. f4 Ne7 24. g3 Nf5 25. Bf2 Qd7 26. Kg2 Rc8 27. Ng1 (27. Qa3 $5 {[%cal Ra3a6]} Bc4 28. Ng1 $11) 27... Rfe8 28. N1f3 Bc4 $36 {[%mdl 2048] Black is more active.} 29. Qb4 Bxa2 30. Ra1 Bc4 {[%cal Ba2c4,Bc4d3,Bd3e4][%mdl 32]} 31. h3 Nd6 32. Ne5 Bxe5 $1 33. Rxe5 (33. dxe5 $15 Nf7 34. Nxf7 Qxf7 35. Qd2) 33... Bd3 $19 34. g4 (34. Re3 $17 Be4+ 35. Kg1) 34... hxg4 35. hxg4 Nf7 {aiming for ...Nxg5.} 36. Nxf7 Qxf7 37. Qd2 (37. Qb3 $142 Be4+ 38. Kg3) 37... Be4+ 38. Kg3 Rc2 39. Qe3 Rxb2 ({Not} 39... Qh7 40. Rxe4 dxe4 41. Qxe4 Rxb2 42. Rh1 $19) 40. Rxe4 dxe4 41. Qxe4 Rc8 42. Rh1 {[#]} Rf8 $2 (42... e5 $1 $19 {is more deadly.} 43. Be3 (43. dxe5 Rc3+) 43... exf4+ 44. Qxf4 Rf8 45. Qxf7+ Rxf7) 43. Be3 $17 {Rh6 is the strong threat.} Rb3 {[#] White must now prevent ...Qf6.} 44. Rh6 (44. d5 $1 $17 {[%mdl 512] is a better defense.} Re8 (44... exd5 45. Qe5) 45. d6) 44... Kg7 $19 45. f5 $2 (45. Rh4) 45... exf5 46. gxf5 Qxf5 47. Qe7+ Rf7 {Black mates.} 48. Qe8 Qg5+ 49. Kh2 Rb2+ 50. Kh3 Rf3# {Precision: White = 44%, Black = 51%.} 0-1

[Event "Asian Junior-ch 2017-Open"]
[Site "Shiraz"]
[Date "2017.05.03"]
[Round "1.3"]
[White "Mosadeghpour, Masoud"]
[Black "Namdarigharghani, Parsa"]
[Result "1-0"]
[WhiteElo "2444"]
[BlackElo "1859"]
[Annotator "TA"]
[PlyCount "65"]
[EventDate "2017.??.??"]
[EventType "swiss"]
[EventCountry "IRI"]
[SourceTitle "playchess.com"]
[Source "ChessBase"]
[SourceQuality "1"]

{[%evp 11,65,41,34,56,31,38,53,46,55,46,76,85,94,51,47,35,51,46,52,60,87,103,97,87,82,88,97,66,115,66,83,57,81,74,139,131,423,413,411,502,404,395,537,524,474,466,1279,1290,1210,1177,2735,2728,29995,29996,29996,29997]} 1. e4 c6 2. Nc3 d5 3. Nf3 Bg4 {[%cal Bc8g4,Bg4h5,Bh5g6][%mdl 32]} 4. h3 {[%cal Bh2h3,Bh3h4,Bh4h5][%mdl 32]} Bh5 5. exd5 cxd5 6. g4 Bg6 7. Ne5 {[#] aiming for Bb5+. B11: Caro-Kann: Two Knights Variation} Nc6 8. d4 e6 9. h4 {h5 is the strong threat.White is slightly better.} f6 10. h5 (10. Nxc6 bxc6 11. h5 Bf7 12. Bf4 Bd6 13. Bxd6 Qxd6 14. Qd2 c5 {1-0 (27) Demchenko,A (2611)-Medvegy,Z (2548) Dresden 2016}) 10... Bf7 11. Nxf7 Kxf7 12. Be3 Bb4 13. Qd3 $146 ({Predecessor:} 13. Bd3 Nge7 14. O-O Bxc3 15. bxc3 {½-½ (50) Tabatabaei,M (2486)-Zahedifar,A (2136) Teheran 2016}) 13... Nge7 14. a3 Qa5 15. Bd2 Rac8 16. Bg2 a6 17. O-O Bxc3 18. Bxc3 ({Worse is} 18. Qxc3 Qa4 19. b4 Na5 $17) 18... Qc7 19. f4 {[%cal Bf2f4,Bf4f5][%mdl 32]} Qd6 20. Rae1 g6 21. Re3 Rce8 22. Qe2 gxh5 {[#]} ({Better is} 22... f5) 23. f5 $1 $16 {[%cal Re3e6]} e5 $2 {[%mdl 8192]} (23... Reg8 $16) 24. g5 e4 {intending ...Reg8.} 25. Qxh5+ Kf8 26. Be1 Nxd4 27. Bb4 Qb6 28. Kh1 Nxc2 (28... a5 $142 29. Qh6+ Kf7) 29. Qh6+ $18 Kf7 30. Bf3 {White wants to mate with Bh5+.} Nxe3 31. Bh5+ Kg8 32. gxf6 Qxf6 33. Qxf6 {Precision: White = 85%, Black = 25%.} 1-0

[Event "Asian Junior-ch 2017-Open"]
[Site "Shiraz"]
[Date "2017.05.03"]
[Round "1.4"]
[White "Khalesi, Parsa"]
[Black "Mousavi, Seyed Khalil"]
[Result "0-1"]
[WhiteElo "1838"]
[BlackElo "2435"]
[Annotator "TA"]
[PlyCount "66"]
[EventDate "2017.??.??"]
[EventType "swiss"]
[EventCountry "IRI"]
[SourceTitle "playchess.com"]
[Source "ChessBase"]
[SourceQuality "1"]

{[%evp 23,66,47,47,28,45,41,80,0,0,0,-3,-45,0,0,0,-25,-27,-25,-5,-13,-17,0,0,-48,-43,-95,-21,-79,-54,-172,-160,-168,-160,-174,-162,-162,-160,-158,-182,-170,-172,-176,-166,-155,-154]} 1. d4 d5 2. c4 e6 3. Nc3 c5 4. cxd5 cxd4 5. Qa4+ Bd7 6. Qxd4 exd5 7. Qxd5 Nc6 8. Qd1 Nf6 9. Nf3 Bc5 10. e3 Qe7 11. Be2 O-O 12. O-O Rfd8 13. Qc2 {D32: Tarrasch Defence: Sidelines and lines without g3} (13. Qb3 Bf5 14. Bd2 a6 15. Na4 Ne4 16. Rfd1 Ba7 17. Rac1 Be6 18. Qc2 Bf5 19. Qb3 Be6 {½-½ (19) Piccoli,F (2678)-Koegler,K (2557) ICCF email 2008}) 13... Rac8 14. a3 Bg4 15. Bd2 (15. Rd1 $16) 15... Ne5 $11 16. Nxe5 Qxe5 17. Rae1 h5 $146 (17... Bf5 $5 {[%cal Rf5c2]} 18. Qc1 Bb6 $15) ({Predecessor:} 17... Bxe2 18. Rxe2 Ng4 19. g3 Rc6 20. Qe4 Qg5 21. h3 {1-0 (36) Prudnikova,S (2335)-Kharkova,E (2225) Alushta 1992}) 18. Bxg4 ({Much worse is} 18. g3 Bf5 19. e4 Bh3 $17) 18... hxg4 19. f4 gxf3 20. Rxf3 Ng4 $40 {[%mdl 128] Black is up to no good.} 21. Rh3 {And now Qh7+ would win.} g6 22. Qd1 Qe6 23. Qe2 Bd6 $1 {[%mdl 1024] Black has compensation.} 24. Bc1 (24. Nb1 $15) 24... Kg7 (24... Be5 $17) 25. Rh4 {[#]} (25. Rf1 $11) 25... f5 $1 $17 (25... Bxh2+ 26. Rxh2 Nxh2 27. Kxh2 $11) 26. Rf1 (26. Qf3 $15) 26... Rh8 $19 {Black is clearly better.} 27. Rxh8 Rxh8 ({Weaker is} 27... Kxh8 28. g3 $11) 28. h3 Qe5 {[%csl Gd6,Gg4][%cal Re5h2]} 29. Rf4 g5 30. Rxg4 fxg4 31. Qxg4 {[#]} Rf8 $1 {[%csl Gd6][%cal Re5h2]} ({Don't play} 31... Rh4 $6 32. Qd7+ Kg6 33. Qxb7 $11) 32. Qd4 Kg6 {[%csl Gd6][%cal Re5h2]} 33. Qxe5 Bxe5 {Precision: White = 44%, Black = 58%.} 0-1

[Event "Asian Junior-ch 2017-Open"]
[Site "Shiraz"]
[Date "2017.05.03"]
[Round "1.5"]
[White "Gholami, Aryan"]
[Black "Ashraf, Artin"]
[Result "1-0"]
[WhiteElo "2423"]
[BlackElo "1816"]
[Annotator "TA"]
[PlyCount "79"]
[EventDate "2017.??.??"]
[EventType "swiss"]
[EventCountry "IRI"]
[SourceTitle "playchess.com"]
[Source "ChessBase"]
[SourceQuality "1"]

{[%evp 18,79,6,0,0,-12,12,-33,26,23,25,19,15,17,34,-13,41,50,79,70,231,233,279,290,301,297,293,280,496,391,531,590,593,590,587,593,590,584,580,581,578,571,593,602,579,591,740,782,671,628,654,654,637,638,1554,1495,2616,1998,29989,29990,29992,29993,29995,29996]} 1. c4 Nf6 2. Nc3 g6 3. g3 Bg7 4. Bg2 O-O 5. d4 c5 6. d5 d6 7. e4 e6 8. Nge2 exd5 9. cxd5 Re8 10. O-O Na6 {A60: Modern Benoni: Early Divergences} (10... b5 11. e5 Rxe5 12. Nxb5 Bg4 13. f3 Bd7 14. Nbc3 Na6 15. Bf4 Re8 16. Bxd6 Qb6 17. Bf4 Qxb2 18. Rb1 {1-0 (50) Bacallao Alonso,Y (2519)-Baules,J (2311) Panama City 2013}) 11. h3 b6 $146 ({Predecessor (6):} 11... Rb8 12. g4 h6 13. Be3 b5 14. Ng3 Qc7 15. Qd2 Kh7 16. f4 b4 17. Nd1 c4 18. g5 {0-1 (40) Nesterovskaya,A (2177)-Newrkla,K (2105) Chotowa 2010}) 12. f4 Bb7 (12... b5 $15) 13. g4 $11 Nc7 14. f5 Nd7 15. g5 $36 {[%mdl 2048] White is pushing.} Be5 16. Qe1 b5 (16... Ba6 $11) 17. Nd1 $14 {[%cal Bc3d1,Bd1e3,Be3g4][%mdl 32]} ({Don't play} 17. fxg6 fxg6 18. h4 (18. Qf2 b4 19. Nd1 Rf8 $17) 18... b4 $17) 17... Qe7 18. Ne3 Qxg5 $2 {[#]} (18... b4 $14) 19. Ng4 $1 $18 Qe7 {[#]} 20. f6 $1 {[%cal Rf6e7][%mdl 512]} Nxf6 21. Bg5 Nxg4 22. Bxe7 Ne3 $2 (22... Rxe7 23. hxg4 Bxb2) 23. Bf6 Nxg2 24. Qf2 Nf4 25. Nxf4 Bxf6 26. Ne2 Nxd5 27. exd5 Bxd5 28. Qxf6 Rxe2 29. Rf2 Re3 30. Qxd6 Be6 31. h4 Rc8 32. Qf4 Rd3 33. Rd2 Rdd8 34. Rad1 Rxd2 35. Rxd2 Bxa2 36. b4 {[%cal Bb2b4,Bb4c5,Bc5c6,Bc6c7][%mdl 32]} Bc4 37. bxc5 a5 38. Qf6 {White mates.} a4 39. c6 a3 {[#]} 40. c7 $1 {Precision: White = 85%, Black = 35%.} 1-0

[Event "Asian Junior-ch 2017-Open"]
[Site "Shiraz"]
[Date "2017.05.03"]
[Round "1.6"]
[White "Khairallah, Ralph"]
[Black "Harsha Bharathakoti"]
[Result "0-1"]
[WhiteElo "1791"]
[BlackElo "2413"]
[Annotator "TA"]
[PlyCount "57"]
[EventDate "2017.??.??"]
[EventType "swiss"]
[EventCountry "IRI"]
[SourceTitle "playchess.com"]
[Source "ChessBase"]
[SourceQuality "1"]

{[%evp 19,57,-12,-13,-8,10,13,22,22,70,7,45,23,25,22,42,49,105,124,109,102,93,94,108,104,110,93,115,47,115,52,122,4,10,-395,-393,-457,-446,-443,-440,-433]} 1. e4 c5 2. Nc3 Nc6 3. g3 g6 4. Bg2 Bg7 5. d3 d6 6. f4 e6 7. Nf3 Nge7 8. O-O O-O 9. Be3 Nd4 10. Bf2 Nec6 11. Rb1 {B25: Closed Sicilian: 3 g3, lines without early Be3} (11. Nxd4 Nxd4 12. Rb1 Bd7 13. Ne2 Ba4 14. b3 Bc6 15. c4 Nxe2+ 16. Qxe2 Qd7 17. Rbd1 Qe7 18. Qd2 f5 19. Rfe1 e5 20. exf5 Bxg2 21. Kxg2 Rxf5 {½-½ (62) Adams,M (2685)-Lautier,J (2620) Tilburg 1996}) 11... Qa5 12. Nd2 Bd7 13. a3 {The position is equal.} b5 14. Ne2 (14. Na2 $14) 14... Rab8 15. c3 Nxe2+ 16. Qxe2 b4 17. Nc4 Qa4 {[#]} (17... Qc7 $14) 18. axb4 $1 $16 (18. Nxd6 $6 bxc3 19. bxc3 Bxc3 $11) 18... cxb4 19. b3 $146 {[%mdl 2048] Black is under strong pressure.} Qa6 20. Ra1 ({Much worse is} 20. Nxd6 $6 Bxc3 21. e5 Nd4 22. Bxd4 Bxd4+ 23. Kh1 Qb6 $11) 20... Qc8 21. Nxd6 Qc7 22. e5 {Black must now prevent cxb4.} bxc3 23. Ra3 ({White should try} 23. Ne4 $16) 23... Rb4 (23... a5 $14) 24. Rc1 (24. Nc4 $16) 24... Nd4 $14 {[#]} 25. Bxd4 ({Don't play} 25. Qe1 $6 f6 $11) (25. Qa2 $1 $16) 25... Rxd4 $11 26. Ne4 $2 {[%mdl 8192] [#]} (26. Qe3 $11 Rxd6 27. Rxa7 (27. exd6 $2 Qxd6 28. Ra6 Qxa6 $19) 27... Rxd3 28. Rxc7 Rxe3 29. Rxd7) 26... Rxe4 $1 $19 {[%mdl 512]} 27. Bxe4 {Strongly threatening b4.} (27. dxe4 Qc5+) 27... Qc5+ 28. Kg2 {Hoping for b4!} Qxa3 29. Rxc3 {Precision: White = 60%, Black = 68%.} 0-1

[Event "Asian Junior-ch 2017-Open"]
[Site "Shiraz"]
[Date "2017.05.03"]
[Round "1.7"]
[White "Khodashenas, Mersad"]
[Black "Khosravanian, Hosein"]
[Result "1-0"]
[WhiteElo "2410"]
[BlackElo "1751"]
[Annotator "TA"]
[PlyCount "95"]
[EventDate "2017.??.??"]
[EventType "swiss"]
[EventCountry "IRI"]
[SourceTitle "playchess.com"]
[Source "ChessBase"]
[SourceQuality "1"]

{[%evp 12,95,25,12,27,20,16,14,29,14,32,26,45,-7,-10,-15,-10,-6,-6,-22,0,-6,5,0,0,0,0,0,8,6,18,3,28,30,26,7,0,10,15,0,0,0,0,-8,-8,-8,0,-8,-8,-8,-7,-10,-3,-9,0,0,0,0,0,0,0,0,0,-2,0,-7,8,8,14,0,37,25,26,0,8,18,37,39,39,39,44,24,545,527,29979,29980]} 1. e4 c6 2. d4 d5 3. Nc3 dxe4 4. Nxe4 Bf5 5. Ng3 Bg6 6. h4 h6 7. Nh3 (7. Nf3 $5 {[%cal Rf3e5]}) 7... Nd7 {B18: Classical Caro-Kann: 4...Bf5 sidelines} (7... e6 8. Nf4 Bh7 9. Be3 Nf6 10. Bd3 Bxd3 11. Qxd3 Qa5+ 12. Bd2 Bb4 13. c3 Bd6 14. b4 Qc7 15. Ngh5 Nxh5 16. Nxh5 {½-½ (47) Efimenko,Z (2643)-Navara,D (2727) Wroclaw 2014}) 8. Nf4 Bh7 $1 9. Bc4 e6 {The position is equal.} 10. c3 Ngf6 11. O-O Nd5 12. Qg4 $146 (12. Re1 $14) ({Predecessor:} 12. Bxd5 cxd5 13. Re1 Nf6 14. c4 Bd6 15. cxd5 Bxf4 16. Qa4+ Qd7 {½-½ (16) Biancosino,R (2250)-Fiorito,F (2350) Buenos Aires 1990}) 12... N7f6 $11 13. Qf3 Bd6 14. Nxd5 Nxd5 15. Qg4 Rg8 (15... Nf6 $5 {[%cal Rf6g4]} 16. Qf3 (16. Qxg7 Rg8 17. Qxh6 Rg6 $17) 16... O-O $11) 16. Re1 Nf6 17. Qf3 ({Don't go for} 17. Rxe6+ $2 fxe6 18. Qxe6+ Qe7 19. Qxe7+ Kxe7 $19) 17... Qe7 18. a4 a5 19. Bf4 O-O-O 20. Bxd6 Qxd6 21. Nh5 Qe7 22. Nxf6 Qxf6 23. Qg3 g5 24. h5 Qf4 25. Re5 b6 $1 26. Qh3 Bf5 27. Qh1 {[#] g3 is the strong threat.} Qh4 28. Rae1 Qxh1+ 29. Kxh1 g4 30. Kh2 $1 Rg5 31. Kg3 $1 Rxh5 32. Bd3 $1 Rd5 33. Rxd5 cxd5 34. Bxf5 Rxf5 {[%mdl 4096] Endgame KR-KR} 35. Re5 {[#] Hoping for Rxf5.} Rf6 $1 36. Rh5 Rg6 37. Kf4 Kd7 38. Rh4 f5 39. Ke5 Kc6 40. Rh1 Kd7 41. g3 {[%mdl 1024] White has compensation.} Ke7 42. b3 {[%cal Bb2b3,Bb3c4][%mdl 32]} Rf6 {( -> ...f4!)} 43. Rh5 Kf7 44. c4 dxc4 45. bxc4 Ke7 $1 46. Rh1 (46. d5 $5 {[%cal Rd5d6]} Rg6 47. Rh1 $14) 46... Rf8 $2 {[%mdl 8192]} (46... f4 $1 $11) 47. Rxh6 $18 {Strongly threatening Rh7+.} Rc8 48. Rh7+ {Precision: White = 84%, Black = 62%.} 1-0

[Event "Asian Junior-ch 2017-Open"]
[Site "Shiraz"]
[Date "2017.05.03"]
[Round "1.8"]
[White "Motavas, Pouya"]
[Black "Tran, Minh Thang"]
[Result "0-1"]
[WhiteElo "1676"]
[BlackElo "2409"]
[Annotator "TA"]
[PlyCount "58"]
[EventDate "2017.??.??"]
[EventType "swiss"]
[EventCountry "IRI"]
[SourceTitle "playchess.com"]
[Source "ChessBase"]
[SourceQuality "1"]

{[%evp 21,58,-18,0,-72,0,-19,16,17,35,-8,-7,-50,-52,-105,-101,-612,-619,-565,-617,-634,-657,-692,-672,-705,-694,-739,-735,-783,-664,-830,-781,-945,-948,-1914,-1279,-2143,-2093,-2277,-2262]} 1. d4 Nf6 2. c4 g6 3. Nc3 d5 4. cxd5 Nxd5 5. e4 Nxc3 6. bxc3 Bg7 7. Bb5+ c6 8. Ba4 O-O 9. Ne2 b5 10. Bb3 a5 {D85: Exchange Grünfeld: Unusual White 7th moves and lines with 7 Nf3} 11. a4 b4 {LiveBook: 4 Games} 12. O-O (12. Be3 $11) (12. cxb4 axb4 13. Be3 c5 14. Rc1 cxd4 15. Nxd4 Bd7 16. O-O Qe8 17. Rc4 Bxa4 18. Rxb4 Bxb3 19. Qxb3 {½-½ (30) Svidler,P (2729)-Grischuk,A (2794) Sochi 2015}) 12... Bb7 (12... c5 $17 13. dxc5 Ba6) 13. Be3 Na6 14. Rc1 Rc8 15. e5 $146 ({Predecessor:} 15. Qd2 c5 16. cxb4 cxd4 17. Nxd4 axb4 {½-½ (60) Argiroudis,S (2190)-Pesic,N (2340) Kavala 1995}) 15... e6 16. Qd2 c5 17. Bc4 (17. cxb4 $15 Nxb4 18. Rfd1) 17... cxd4 $17 18. cxd4 $2 {[%mdl 8192] [#]} (18. Qxd4 $17 Qxd4 19. cxd4) 18... Rxc4 $1 $19 {[%mdl 512] Black is clearly winning.} 19. Rxc4 Qd5 $1 {[%csl Gb7,LRc4,LRg2][%cal Rd5g2]} 20. Nf4 Qxc4 21. Rc1 Qb3 22. h4 Rc8 23. Rxc8+ Bxc8 24. h5 Qc3 25. Qe2 Nc7 26. Qf3 b3 {[%cal Bb4b3,Bb3b2][%mdl 32]} 27. Ne2 Qc2 {aiming for ...b2.} 28. Bg5 b2 29. Nc3 {[#]} Nd5 $1 {Precision: White =  8%, Black = 78%.} 0-1

[Event "Asian Junior-ch 2017-Open"]
[Site "Shiraz"]
[Date "2017.05.04"]
[Round "2.1"]
[White "Firouzja, Alireza"]
[Black "Taalaibekov, Tagir"]
[Result "1-0"]
[WhiteElo "2487"]
[BlackElo "2213"]
[Annotator "TA"]
[PlyCount "57"]
[EventDate "2017.??.??"]
[EventType "swiss"]
[EventCountry "IRI"]
[SourceTitle "playchess.com"]
[Source "ChessBase"]
[SourceQuality "1"]

{[%evp 14,57,23,12,20,10,22,11,14,7,27,31,34,23,20,18,27,18,25,19,59,44,74,66,98,104,115,102,156,158,173,118,127,110,157,150,124,84,123,36,16,-251,969,961,29995,29996]} 1. e4 e6 2. d4 d5 3. Nc3 Bb4 4. e5 Ne7 5. a3 Bxc3+ 6. bxc3 c5 7. Qg4 Kf8 8. Qd1 {LiveBook: 40 Games} Nbc6 {[%cal Bb8c6,Bc6a5,Ba5c4][%mdl 32] C18: French: 3 Nc3 Bb4: Main line: 7 h4 and 7 Qg4} (8... Qa5 9. Bd2 Qa4 10. Nf3 b6 11. dxc5 Ba6 12. cxb6 axb6 13. Bd3 Nbc6 14. O-O Ng6 15. Qe2 Ke7 16. h4 Bxd3 17. cxd3 {1-0 (40) Lagno,K (2529)-Socko,M (2448) Huaian 2016}) 9. a4 Qa5 10. Bd2 Qc7 $146 {The position is equal.} ({Predecessor:} 10... Bd7 11. h4 Rc8 12. Nf3 h6 13. h5 Qc7 14. Bd3 Na5 15. O-O b6 16. Nh4 {1-0 (66) Hankel,D (2058)-Thieme Garmann,A (1987) Kamen 2016}) 11. Nf3 {[%cal Bg1f3,Bf3h4,Bh4g2,Bg2f4,Bf4h5,Bh5f6][%mdl 32]} Bd7 12. Bd3 Na5 13. Bc1 b6 14. O-O h6 15. g3 Rd8 16. Nh4 Nf5 17. Ng2 Nc4 18. Nf4 Bc8 19. Re1 Ne7 20. Qf3 Ke8 (20... Na5 $142) 21. Nh5 $16 Kf8 {[#]} 22. Qg4 ({Much weaker is} 22. Bxc4 $6 dxc4 23. dxc5 Bb7 24. cxb6 axb6 $11) (22. Nxg7 $1 $18 {[%mdl 512]} Kxg7 23. Qf6+ Kg8 24. Bxh6 Rxh6 25. Qxh6) 22... g6 23. Nf6 Nf5 24. Qh3 {Black must now prevent Bxf5.} Kg7 25. Bf4 cxd4 26. Bxf5 ({White has to play} 26. g4 $16 Ne7 27. cxd4) 26... exf5 $14 27. e6 $2 {[%mdl 8192]} (27. cxd4 $11 Be6 28. Qf1) 27... Qb7 $4 {[%mdl 8192]} (27... Qe7 $19 28. Nd7 Bxd7 29. exd7 Qxd7 30. cxd4 g5) 28. e7 $18 Rde8 {[#]} 29. Bxh6+ $1 {[%mdl 512] Precision: White = 62%, Black = 34%.} 1-0

[Event "Asian Junior-ch 2017-Open"]
[Site "Shiraz"]
[Date "2017.05.04"]
[Round "2.2"]
[White "Daghli, Arash"]
[Black "Mosadeghpour, Masoud"]
[Result "0-1"]
[WhiteElo "2198"]
[BlackElo "2444"]
[Annotator "TA"]
[PlyCount "80"]
[EventDate "2017.??.??"]
[EventType "swiss"]
[EventCountry "IRI"]
[SourceTitle "playchess.com"]
[Source "ChessBase"]
[SourceQuality "1"]

{[%evp 20,80,-17,-23,-13,-11,-14,-17,0,-79,-79,-65,-43,-58,-36,-23,-11,-12,-4,-40,-64,-35,0,0,0,-41,-30,-44,-31,-54,0,0,0,0,0,-8,-13,-12,0,-10,0,0,0,0,0,-17,-10,-47,-47,-45,-57,-46,-47,-57,0,-261,-241,-266,-159,-457,-453,-662,-658]} 1. e4 c5 2. Nf3 d6 3. c3 Nf6 4. Be2 g6 5. O-O Bg7 6. Re1 O-O 7. Bf1 Nc6 8. d4 cxd4 9. cxd4 Bg4 {B50: Sicilian: 2...d6, Miscellaneous} 10. d5 Ne5 11. Be2 {LiveBook: 3 Games} Bxf3 {Black has an edge.} (11... Nxf3+ 12. Bxf3 Bxf3 13. Qxf3 Nd7 14. Nc3 Rc8 15. Bg5 h6 16. Bh4 Ne5 17. Qe2 Nc4 {0-1 (48) Smerdon,D (2531)-Wojtaszek,R (2736) Baku 2016}) 12. gxf3 Rc8 13. Nc3 $146 ({Predecessor:} 13. Qb3 Nfd7 14. Nc3 Nc5 15. Qd1 Qb6 16. Na4 Qd8 17. Nxc5 dxc5 {0-1 (28) Padjen,Z (2082)-Palac,M (2578) Rijeka 2009}) 13... Nfd7 14. Be3 (14. Nb5 $11 {keeps the balance.}) 14... Nc4 $17 15. Bxc4 {[#] Threatens to win with Bf1.} Rxc4 16. Qe2 Qc8 ({Reject} 16... Bxc3 $6 17. Qxc4 Bxe1 18. Rxe1 $11) 17. Rec1 ({Don't play} 17. Bxa7 b6 18. Rab1 Qc5 $17) 17... a6 {[%cal Rg7c3]} 18. Nd1 Rc7 19. f4 Nc5 20. f3 Qd7 21. Rc2 e6 22. dxe6 Nxe6 23. Rxc7 Nxc7 24. Nc3 d5 ({Black should play} 24... f5 $15) 25. Nxd5 $11 Nxd5 26. Rd1 Nxf4 27. Bxf4 Qe6 28. b3 Rc8 (28... Qf6 $5 {[%cal Rf6f4]} 29. Be3 Qe6 $11) 29. Kg2 g5 30. Bg3 ({Don't take} 30. Bxg5 $2 Qg6 31. h4 h6 $19) 30... h5 {[%cal Bh7h5,Bh5h4][%mdl 32]} 31. Rd6 Qe7 $36 {[%mdl 2048] Hoping for ...h4. Black is pushing.} 32. Qd2 h4 33. Rd7 Qf6 34. Rd6 Qb2 35. Qxb2 Bxb2 $15 {KRB-KRB} 36. Be1 Bc1 (36... Be5 $15 37. Rd7 Kg7) 37. Bb4 $2 {[%mdl 8192] [#]} (37. Kh3 $11) 37... Bf4 $1 $19 38. Rd7 Kg7 (38... Rc2+ $19 39. Kh3 Kg7) 39. Kh3 $2 (39. h3 $17 {keeps fighting.}) 39... Rc2 $1 {[%csl LRa2,LRh2]} 40. Kg4 (40. Rd8 $142 Rxh2+ 41. Kg4) 40... Kg6 {Precision: White = 59%, Black = 67%.} 0-1